[Event "Teteven op 31st"]
[Site "Teteven"]
[Date "2016.08.15"]
[Round "3"]
[White "Vachev, Lenko"]
[Black "Savov, Ilko Ananiev"]
[Result "0-1"]
[WhiteElo "1698"]
[BlackElo "1950"]
[PlyCount "52"]
[EventDate "2016.08.13"]
[EventType "swiss"]
[EventRounds "9"]
[EventCountry "BUL"]
[SourceTitle "CBM 173 Extra"]
[Source "ChessBase"]
[SourceDate "2016.08.29"]
[SourceVersion "1"]
[SourceVersionDate "2016.08.29"]
[SourceQuality "1"]

1. d4 Nf6 2. c4 e5 3. d5 Bc5 4. Bg5 Bxf2+ 5. Kxf2 Ng4+ 6. Ke1 Qxg5 7. Nh3 Qh4+ 8. g3 Qf6 9. Qd3 d6 10. Nc3 0-0 11. Ne4 Qh6 12. Qd2 Qg6 13. Nhf2 f5 14. Nxg4 Qxg4 15. Nf2 Qxc4 16. e4 Qa4 17. b3 Qa3 18. Bd3 Nd7 19. exf5 Nc5 20. Qd1 e4 21. Bc2 Bxf5 22. Kf1 e3 23. Bxf5 Rxf5 24. Kg2 Qb2 25. Kh3 Rxf2 26. Qc1 Qe5 0-1